000 00276nam a22001337a 4500
008 170727b xxu||||| |||| 00| 0 eng d
020 _a0824072871
041 _aeng
080 _a004
100 _a31
101 _aSHK
245 _aDATABASICS
_cHOWITT,D
942 _2udc
_cBK
999 _c22012
_d22012